000 00787nam a22002177a 4500
003 UA-OsUOA
001 131802
007 ta
008 20180618b un ||||| |||| 00| 0 ukr d
100 _aЛуцак О.
090 _a81
_bЛ86
942 _cSA
040 _aUA-OsUOA
_bukr
_cUA-OsUOA
_dUA-OsUOA
245 _aПроблемакомпетентністно орієнтованого підходу до розвитку культурно-мовних цінностей учнів
300 _aС.45-49
955 _a0
041 _aukr
080 _a81
773 0 _w131796
_tУкраїнська мова і література в школі
_dК.
_d2018
_g2
650 7 _a8 Мовознавство. Художня література. Літературознавство
_2UDC
999 _c420198
_d420198